Kỹ thuật quản lý sức khỏe cá trong ao nuôi

Đã lưu trong:
Bibliografiske detaljer
Format: Bog
Sprog:Undetermined
Udgivet: Thành phố Hồ Chí Minh Nông nghiệp 2003
Fag:
Tags: Tilføj Tag
Ingen Tags, Vær først til at tagge denne postø!
Thư viện lưu trữ: Trung tâm Học liệu Trường Đại học Cần Thơ
LEADER 00513nam a2200169Ia 4500
001 CTU_161072
008 210402s9999 xx 000 0 und d
082 |a 639.31 
082 |b K600 
245 0 |a Kỹ thuật quản lý sức khỏe cá trong ao nuôi 
245 0 |c Biên soạn: Từ Thanh Dung 
260 |a Thành phố Hồ Chí Minh 
260 |b Nông nghiệp 
260 |c 2003 
650 |a Fish culture 
904 |i Giang 
980 |a Trung tâm Học liệu Trường Đại học Cần Thơ